Políticas de género y feminismo en el Chile de la postdictadura, 1990-2010 /

Detalles Bibliográficos
Autor principal: Forstenzer, Nicole, 1980- (Autor, Traductor)
Otros Autores: Slachevsky, Natalia (Traductor)
Formato: Electrónico eBook
Lenguaje:español
francés
Publicado: Santiago de Chile : LOM Ediciones, [2022]
Colección:Ciencias sociales y humanas. Feminismos y géneros.
Materias:
Acceso en línea:Digitalia Hispánica

MARC

LEADER 00000nam a2200000Ii 4500
001 DIGLOM01251
003 NyNyDIG
006 m o d
007 cr |||||||||||
008 241101s2022 cl ob 000 0 spa d
035 |a (OCoLC)1404427223 
040 |a DGITA  |b eng  |e rda  |e pn  |c DGITA 
020 |a 9789560016386  |q digital 
020 |z 9789560015242  |q impreso 
041 1 |a spa  |h fre 
043 |a s-cl--- 
050 1 4 |a HQ1236.5.C5 ebook 
100 1 |a Forstenzer, Nicole,  |d 1980-  |e author. 
240 1 0 |a Politeques de genere et féminisme dans le Chili de la post-dictature, 1990-2010.  |l Spanish 
245 1 0 |a Políticas de género y feminismo en el Chile de la postdictadura, 1990-2010 /  |c Nicole Forstenzer ; traducción de Natalia Slachevsky (con la coordinación de Nicole Forstenzer). 
264 1 |a Santiago de Chile :  |b LOM Ediciones,  |c [2022] 
300 |a 1 online resource. 
336 |a text  |b txt  |2 rdacontent 
337 |a computer  |b c  |2 rdamedia 
338 |a online resource  |b cr  |2 rdacarrier 
347 |a text file  |2 rdaft 
347 |b EPUB 
490 1 |a Ciencias sociales y humanas. Feminismos y géneros 
504 |a Includes bibliographical references. 
588 0 |a Online resource; title from ePub title page (Digitalia, viewed November 1, 2024) 
650 0 |a Feminism  |z Chile  |x History  |y 20th century. 
650 0 |a Feminism  |z Chile  |x History  |y 21st century. 
650 0 |a Sex discrimination against women  |x Government policy  |z Chile. 
650 0 |a Sex role  |z Chile. 
651 0 |a Chile  |x Politics and government  |y 1988- 
700 1 |a Slachevsky, Natalia,  |e translator. 
700 1 |a Forstenzer, Nicole,  |d 1980-  |e translator. 
700 1 |i Translation of:  |a Forstenzer, Nicole, 1980-  |t Politeques de genere et féminisme dans le Chili de la post-dictature, 1990-2010. 
791 2 |a Digitalia (Firm),  |e distributor. 
793 0 |g Digitalia eBook Collection:  |a LOM Ediciones 
776 0 8 |i Print version:  |a Forstenzer, Nicole, 1980-  |s Politeques de genere et féminisme dans le Chili de la post-dictature, 1990-2010.  |t Políticas de género y feminismo en el Chile de la postdictadura, 1990-2010.  |b Primera edición.  |d Santiago de Chile : LOM Ediciones, [2022]  |z 9789560015242 
830 0 |a Ciencias sociales y humanas.  |p Feminismos y géneros. 
856 4 0 |3 Digitalia Hispánica  |u https://www.digitaliapublishing.com/a/159240/ 
910 |a Premium collection: 2024